<?xml version="1.0" encoding="UTF-8"?>
<marc:record xmlns:marc="http://www.loc.gov/MARC21/slim">
   <marc:leader>00000nam a2200000 a 4500</marc:leader>
   <marc:datafield ind1="1" ind2=" " tag="100">
      <marc:subfield code="a">Hacke, Axel</marc:subfield>
      <marc:subfield code="4">aut</marc:subfield>
      <marc:subfield code="e">Verfasser/-in</marc:subfield>
   </marc:datafield>
   <marc:datafield ind1="0" ind2="0" tag="245">
      <marc:subfield code="a">Die Tage, die ich mit Gott verbrachte</marc:subfield>
   </marc:datafield>
   <marc:datafield ind1="0" ind2="0" tag="245">
      <marc:subfield code="c">Axel Hacke ; mit Bildern von Michael Sowa</marc:subfield>
   </marc:datafield>
   <marc:datafield ind1=" " ind2="1" tag="264">
      <marc:subfield code="a">München</marc:subfield>
      <marc:subfield code="b">Kunstmann</marc:subfield>
      <marc:subfield code="c">2016</marc:subfield>
   </marc:datafield>
   <marc:datafield ind1="1" ind2=" " tag="520">
      <marc:subfield code="a">Angaben aus der Verlagsmeldung

Die Tage, die ich mit Gott verbrachte / von Axel Hacke

Wenn einer von einem fremden alten Mann von der Parkbank geschubst wird, auf die eine Sekunde später ein schwerer Glasglobus mit Metallfuß kracht, fängt er an sich zu wundern. War das Absicht, dass der Alte ihn gerettet hat? (Andernfalls wäre er ja tot gewesen, erschlagen von der Welt.) Und wer ist der Mann mit dem grauen Mantel, der jetzt dauernd auftaucht und Nähe sucht, ganz allgemein zu den Menschen, zum Erzähler aber im Besonderen? Er zieht in Hauswänden Schubladen auf, die vorher nicht da waren und in denen sich Welten verstecken, von denen auch niemand eine Ahnung hatte. Er lässt die steinernen Löwen vor der Feldherrnhalle durch Reifen springen und dirigiert kleine Regenwolken bei heiterstem Himmel herbei – und das ist alles nur der Anfang einer so großartigen wie versponnenen Geschichte voll seltsamster Ereignisse. Dieser melancholische Alte, der gerne ein Glas Champagner trinkt: Ist das Gott, der die Einsamkeit des Universums satt hat? Ist es möglich, dass einmal nicht die Menschen Trost bei Gott suchen, sondern er bei ihnen? Ausgerechnet in diesen Zeiten? Oder, mehr noch, sogar Verzeihung, Versöhnung angesichts der eigenen unvollkommenen Schöpfung? Gott: ein Spieler, ein Künstler, ein reuiger Mann? In diesem Fall gibt es einiges zu besprechen. Und zu bestaunen, in den Tagen mit Gott.
</marc:subfield>
   </marc:datafield>
   <marc:datafield ind1=" " ind2=" " tag="020">
      <marc:subfield code="a">9783956141188</marc:subfield>
      <marc:subfield code="9">9783956141188</marc:subfield>
   </marc:datafield>
   <marc:datafield ind1=" " ind2=" " tag="020">
      <marc:subfield code="a">3956141180</marc:subfield>
      <marc:subfield code="9">3956141180</marc:subfield>
   </marc:datafield>
   <marc:datafield ind1=" " ind2=" " tag="300">
      <marc:subfield code="a">101 Seiten</marc:subfield>
   </marc:datafield>
</marc:record>
